[Event "Israel ch 2008"]
[Site "Haifa ISR"]
[Date "2008.12.07"]
[Round "5.9"]
[White "Nabati, Tamir"]
[Black "Chernomordik, Pavel"]
[Result "1-0"]
[WhiteElo "2456"]
[BlackElo "2302"]
[PlyCount "116"]
[EventDate "2008.11.??"]
[EventType "team-tourn"]
[EventRounds "9"]
[EventCountry "ISR"]
[Source "lmi"]
[SourceDate "2008.11.30"]

1. e4 g6 2. d4 Bg7 3. Nc3 d6 4. f4 e6 5. Nf3 Ne7 6. Be3 a6 7. Bd3 Nd7 8. e5 b6
9. Bf2 Bb7 10. Bh4 dxe5 11. fxe5 h6 12. Qe2 g5 13. Bg3 Nf8 14. O-O-O Nfg6 15.
h4 g4 16. Nd2 h5 17. Rhf1 Qd7 18. Nc4 Rf8 19. Kb1 O-O-O 20. Ne4 Qc6 21. Nf6
Qxg2 22. Nxh5 Nf5 23. Qxg2 Bxg2 24. Rxf5 exf5 25. Bxf5+ Kb8 26. Nxg7 Bf3 27.
Rd2 Nxh4 28. Ne3 Rh8 29. Bd3 Rdg8 30. Rh2 Ng2 31. Rxh8 Rxh8 32. Nxg2 Bxg2 33.
Kc1 Rh3 34. Nf5 Bd5 35. Be1 Bxa2 36. Kd2 Be6 37. Ng3 a5 38. Ke3 Rh2 39. Ne2 Rh1
40. Bg3 a4 41. c4 Rf1 42. Bf2 Bd7 43. d5 Ra1 44. Nc3 Rh1 45. Ne4 Kc8 46. Bg3
Rg1 47. Bf4 Rg2 48. Be2 Rg1 49. c5 bxc5 50. Nxc5 Bf5 51. Na6 Rb1 52. Bg3 Rg1
53. Kf4 Bd7 54. Nc5 Rg2 55. Ba6+ Kd8 56. b3 Rd2 57. Bc4 Bc8 58. e6 fxe6 1-0

[Event "Israel ch 2008"]
[Site "Haifa ISR"]
[Date "2008.12.07"]
[Round "5.10"]
[White "Popilsky, Gil"]
[Black "Zilberman, Yaacov"]
[Result "0-1"]
[WhiteElo "2394"]
[BlackElo "2447"]
[PlyCount "76"]
[EventDate "2008.11.??"]
[EventType "team-tourn"]
[EventRounds "9"]
[EventCountry "ISR"]
[Source "lmi"]
[SourceDate "2008.11.30"]

1. e4 e5 2. Nf3 Nc6 3. Bc4 Be7 4. O-O d6 5. c3 Nf6 6. d3 O-O 7. Bb3 h6 8. Nbd2
Kh8 9. Nc4 Be6 10. Re1 Qd7 11. a4 Rfe8 12. d4 exd4 13. cxd4 d5 14. Nce5 Nxe5
15. Nxe5 Qd8 16. exd5 Nxd5 17. a5 a6 18. Ng6+ Kg8 19. Nf4 Nxf4 20. Bxf4 Bd6 21.
Bxe6 Bxf4 22. Qf3 Bxh2+ 23. Kxh2 Qd6+ 24. Kg1 fxe6 25. Qxb7 Rab8 26. Qe4 Rxb2
27. Rab1 Rd2 28. Red1 Rxd1+ 29. Rxd1 c5 30. d5 Rd8 31. Qe2 exd5 32. Rb1 d4 33.
Rb6 d3 34. Qd1 Qd5 35. Rg6 d2 36. Kh2 c4 37. f4 Qe4 38. Rg3 Qf5 0-1

[Event "Israel ch 2008"]
[Site "Haifa ISR"]
[Date "2008.12.07"]
[Round "5.11"]
[White "Tarnopolsky, Anatoly"]
[Black "Tseitlin, Mark D"]
[Result "0-1"]
[WhiteElo "2301"]
[BlackElo "2437"]
[PlyCount "98"]
[EventDate "2008.11.??"]
[EventType "team-tourn"]
[EventRounds "9"]
[EventCountry "ISR"]
[Source "lmi"]
[SourceDate "2008.11.30"]

1. d4 Nf6 2. c4 g6 3. Nc3 Bg7 4. e4 d6 5. Nf3 O-O 6. h3 e5 7. d5 Na6 8. Bg5 Qe8
9. g4 Nc5 10. Nd2 a5 11. Qc2 c6 12. Be2 Bd7 13. Rg1 cxd5 14. Bxf6 Bxf6 15. Nxd5
Bd8 16. Nb1 Kh8 17. g5 f6 18. gxf6 Bxf6 19. Nbc3 Bh4 20. O-O-O Bxf2 21. Rh1 Qd8
22. Kb1 Bc6 23. Bg4 Qh4 24. Nc7 Rad8 25. Ne6 Nxe6 26. Bxe6 Bd4 27. Bd5 Rf2 28.
Ne2 Ba4 29. b3 Bc6 30. Qd3 Bxd5 31. cxd5 Bc5 32. Rhf1 Rdf8 33. Nc3 R8f3 34.
Qxf3 Rxf3 35. Rxf3 h5 36. Nb5 Qxe4+ 37. Rfd3 Qf5 38. Kb2 e4 39. R3d2 Qxh3 40.
Nc3 Qf3 41. Ne2 a4 42. bxa4 Qa3+ 43. Kb1 Qxa4 44. Nc3 Qb4+ 45. Kc2 Qc4 46. Rh2
Bd4 47. Rh3 e3 48. Rd3 Bxc3 49. Rxc3 Qxa2+ 0-1

[Event "Israel ch 2008"]
[Site "Haifa ISR"]
[Date "2008.12.07"]
[Round "5.12"]
[White "Berkovich, Mark A"]
[Black "Baron, Tal"]
[Result "1/2-1/2"]
[WhiteElo "2409"]
[BlackElo "2299"]
[PlyCount "47"]
[EventDate "2008.11.??"]
[EventType "team-tourn"]
[EventRounds "9"]
[EventCountry "ISR"]
[Source "lmi"]
[SourceDate "2008.11.30"]

1. Nf3 Nf6 2. d4 g6 3. Bg5 Bg7 4. Nbd2 d5 5. e3 O-O 6. Be2 c5 7. c3 b6 8. O-O
Bb7 9. b4 Ne4 10. Nxe4 dxe4 11. Nd2 Qc7 12. bxc5 bxc5 13. Qb1 e5 14. Nxe4 cxd4
15. cxd4 exd4 16. Rc1 Nc6 17. exd4 Bxd4 18. Bf6 Qb6 19. Qd3 Ne5 20. Bxe5 Bxe5
21. Rab1 Bxe4 22. Qxe4 Qe6 23. Bf3 Rae8 24. Qc4 1/2-1/2

[Event "Israel ch 2008"]
[Site "Haifa ISR"]
[Date "2008.12.07"]
[Round "5.13"]
[White "Klenburg, Mikhail"]
[Black "Kaplivatski, Alexander"]
[Result "1-0"]
[WhiteElo "2403"]
[BlackElo "2286"]
[PlyCount "83"]
[EventDate "2008.11.??"]
[EventType "team-tourn"]
[EventRounds "9"]
[EventCountry "ISR"]
[Source "lmi"]
[SourceDate "2008.11.30"]

1. e4 c5 2. Nf3 Nc6 3. Bb5 g6 4. O-O Bg7 5. c3 Nf6 6. Re1 O-O 7. h3 d6 8. d3
Qc7 9. a3 a6 10. Ba4 b5 11. Bc2 Bb7 12. Nbd2 Rac8 13. Nf1 d5 14. e5 Nd7 15. e6
fxe6 16. Ng5 Nd8 17. Nxe6 Nxe6 18. Rxe6 d4 19. Bd2 Ne5 20. cxd4 cxd4 21. Bb3
Kh8 22. Qe2 Rce8 23. Rc1 Qb8 24. f4 Nf7 25. Rxe7 Bf6 26. Re6 Nh6 27. Bb4 Rg8
28. Re1 Rxe6 29. Qxe6 Bg7 30. Bd6 Qa8 31. Re2 Bc6 32. Be5 Re8 33. Qd6 Nf5 34.
Qc5 Bxe5 35. fxe5 Kg7 36. e6 Qb7 37. Qe5+ Kh6 38. Rf2 Qe7 39. Nh2 Ne3 40. Rf7
Qh4 41. Qg7+ Kh5 42. g4+ 1-0

[Event "Israel ch 2008"]
[Site "Haifa ISR"]
[Date "2008.12.07"]
[Round "5.14"]
[White "Prozhanski, Genrik"]
[Black "Igla, Bella"]
[Result "1-0"]
[WhiteElo "2316"]
[BlackElo "2254"]
[PlyCount "85"]
[EventDate "2008.11.??"]
[EventType "team-tourn"]
[EventRounds "9"]
[EventCountry "ISR"]
[Source "lmi"]
[SourceDate "2008.11.30"]

1. d4 Nf6 2. c4 g6 3. Nc3 Bg7 4. e4 O-O 5. Nf3 d6 6. Be2 Nbd7 7. Be3 e5 8. d5
Nc5 9. Nd2 a5 10. a3 Ne8 11. O-O f5 12. f3 f4 13. Bf2 h5 14. b4 Nd7 15. c5 Rf7
16. Nc4 Bf8 17. c6 Nb6 18. Nxb6 cxb6 19. Na4 axb4 20. axb4 bxc6 21. dxc6 Be6
22. Nxb6 Rb8 23. Bc4 Bxc4 24. Nxc4 Qc8 25. Qb3 Qe6 26. b5 g5 27. Rfb1 g4 28.
Nd2 Qg6 29. Ra7 gxf3 30. Qxf7+ Qxf7 31. Rxf7 Kxf7 32. b6 Ke6 33. Rb5 fxg2 34.
b7 Nc7 35. Ra5 d5 36. Ba7 Bb4 37. Ra2 Ra8 38. Rb2 dxe4 39. b8=Q Rxb8 40. Bxb8
Nd5 41. c7 Nxc7 42. Bxc7 f3 43. Rxb4 1-0

[Event "Israel ch 2008"]
[Site "Haifa ISR"]
[Date "2008.12.07"]
[Round "5.16"]
[White "Vovinkina, Natalia"]
[Black "Raznikov, Danny"]
[Result "1/2-1/2"]
[WhiteElo "2147"]
[BlackElo "2251"]
[PlyCount "69"]
[EventDate "2008.11.??"]
[EventType "team-tourn"]
[EventRounds "9"]
[EventCountry "ISR"]
[Source "lmi"]
[SourceDate "2008.11.30"]

1. Nf3 c5 2. g3 Nf6 3. Bg2 g6 4. c3 Bg7 5. O-O O-O 6. d4 Na6 7. Re1 d5 8. Bf4
Bf5 9. Be5 Rc8 10. Qb3 Qb6 11. Nbd2 Rfd8 12. a4 Ne4 13. Bxg7 Kxg7 14. e3 Qc7
15. Nf1 Nb8 16. Qa3 Nd7 17. Rac1 Qd6 18. Nh4 cxd4 19. Nxf5+ gxf5 20. Qxd6 Nxd6
21. exd4 e6 22. Ne3 Rc7 23. Bf1 Nf6 24. f3 h5 25. Bd3 Kh6 26. Kf2 h4 27. Re2
Rg8 28. Ng2 hxg3+ 29. hxg3 Kg7 30. Rh1 Rh8 31. Rxh8 Kxh8 32. Nf4 Rc6 33. Rc2 a6
34. Bf1 a5 35. Nd3 1/2-1/2

[Event "Israel ch 2008"]
[Site "Haifa ISR"]
[Date "2008.12.07"]
[Round "5.17"]
[White "Miller, Evgeny"]
[Black "Porat, Maya"]
[Result "0-1"]
[WhiteElo "2291"]
[BlackElo "2167"]
[PlyCount "32"]
[EventDate "2008.11.??"]
[EventType "team-tourn"]
[EventRounds "9"]
[EventCountry "ISR"]
[Source "lmi"]
[SourceDate "2008.11.30"]

1. e4 c5 2. c3 d5 3. exd5 Qxd5 4. d4 Nf6 5. Nf3 Bg4 6. Nbd2 Nc6 7. Bc4 Bxf3 8.
gxf3 Qf5 9. Qb3 O-O-O 10. Bxf7 Nd5 11. Bxd5 Rxd5 12. Ne4 e6 13. O-O Qxf3 14.
Nxc5 Bxc5 15. dxc5 Rf8 16. c4 Rd3 0-1

[Event "Israel ch 2008"]
[Site "Haifa ISR"]
[Date "2008.12.07"]
[Round "5.18"]
[White "Aharon, Ofir"]
[Black "Zak, Uri"]
[Result "0-1"]
[WhiteElo "2118"]
[BlackElo "2205"]
[PlyCount "66"]
[EventDate "2008.11.??"]
[EventType "team-tourn"]
[EventRounds "9"]
[EventCountry "ISR"]
[Source "lmi"]
[SourceDate "2008.11.30"]

1. e4 c5 2. Nf3 Nc6 3. d4 cxd4 4. Nxd4 e6 5. Nc3 a6 6. Be3 Nf6 7. Bd3 Qc7 8.
O-O b5 9. Nb3 Bb7 10. f4 Nb4 11. a3 Nxd3 12. cxd3 d6 13. Rc1 Qd8 14. Qe1 g6 15.
Na2 a5 16. Qc3 a4 17. Nd4 Bg7 18. Nxb5 O-O 19. Qb4 Ba6 20. Nxd6 Rb8 21. Qc5
Rxb2 22. Nb4 Ng4 23. Bf2 Nxf2 24. Rxf2 Rxf2 25. Kxf2 Qh4+ 26. Kg1 Qxf4 27. Rf1
Qe5 28. Qxe5 Bxe5 29. Nxa6 Bxd6 30. Nb4 Rc8 31. Rb1 Rc3 32. Kf2 Rxa3 33. Ke2
Rb3 0-1

[Event "Israel ch 2008"]
[Site "Haifa ISR"]
[Date "2008.12.07"]
[Round "5.19"]
[White "Gukhvat, Peter"]
[Black "Efroimski, Marsel"]
[Result "1-0"]
[WhiteElo "2196"]
[BlackElo "2047"]
[PlyCount "149"]
[EventDate "2008.11.??"]
[EventType "team-tourn"]
[EventRounds "9"]
[EventCountry "ISR"]
[Source "lmi"]
[SourceDate "2008.11.30"]

1. e4 e6 2. d4 d5 3. Nd2 c5 4. exd5 Qxd5 5. Ngf3 cxd4 6. Bc4 Qd6 7. O-O Nf6 8.
Nb3 Nc6 9. Nbxd4 Nxd4 10. Qxd4 Qxd4 11. Nxd4 Bd7 12. Be2 Rc8 13. Bf3 Rc4 14. c3
b5 15. Be3 Nd5 16. Bxd5 exd5 17. Rfe1 Be7 18. Nb3 Rc7 19. Bf4 Rc4 20. Be5 Rg8
21. Nd4 Kd8 22. Rad1 b4 23. Nc2 bxc3 24. Bxc3 Be6 25. Ne3 Re4 26. Nxd5 Rxe1+
27. Bxe1 Bd6 28. Nc3 Ke7 29. Ne4 Be5 30. Bb4+ Ke8 31. b3 f6 32. Bd6 Bxd6 33.
Rxd6 Ke7 34. Ra6 Ra8 35. Nc5 Bc8 36. Rc6 a5 37. Na4 Bf5 38. f3 Rd8 39. Rc5 Rd1+
40. Kf2 g6 41. g4 Bd7 42. Nc3 Rd2+ 43. Kg3 Rd3 44. h4 f5 45. gxf5 Bxf5 46. Na4
Rd2 47. Rxa5 Rxa2 48. b4 Kd6 49. Kf4 Rh2 50. Kg5 h6+ 51. Kf6 Rxh4 52. b5 Bd7
53. Ra6+ Kd5 54. Nb6+ Kd6 55. Nxd7+ Kxd7 56. Kxg6 Rf4 57. Ra3 Rb4 58. Re3 Rxb5
59. Kxh6 Rb4 60. Kg5 Rb5+ 61. Kg6 Rb6+ 62. Kf7 Rb4 63. Rd3+ Kc6 64. Ke6 Kc5 65.
Ke5 Rb8 66. Rc3+ Kb4 67. Rc6 Re8+ 68. Re6 Rh8 69. f4 Kc5 70. f5 Rh1 71. Kf6 Kd5
72. Re2 Rg1 73. Ke7 Rg7+ 74. Kf8 Ra7 75. f6 1-0

[Event "Israel ch 2008"]
[Site "Haifa ISR"]
[Date "2008.12.07"]
[Round "5.20"]
[White "Atnilov, Bella"]
[Black "Porat, Ido"]
[Result "0-1"]
[WhiteElo "2119"]
[BlackElo "2363"]
[PlyCount "112"]
[EventDate "2008.11.??"]
[EventType "team-tourn"]
[EventRounds "9"]
[EventCountry "ISR"]
[Source "lmi"]
[SourceDate "2008.11.30"]

1. e4 c5 2. Nf3 g6 3. c3 Bg7 4. Bc4 d6 5. O-O Nf6 6. Re1 O-O 7. e5 dxe5 8. Nxe5
Nbd7 9. Nxd7 Qxd7 10. Na3 b6 11. Nc2 Ng4 12. Be2 Ne5 13. d4 cxd4 14. Nxd4 Bb7
15. Bf4 Rad8 16. Bf1 Ng4 17. h3 Nf6 18. Be5 Bh6 19. Bxf6 exf6 20. Qb3 Rfe8 21.
Bb5 Rxe1+ 22. Rxe1 Qc7 23. Bc4 a6 24. a4 Bf8 25. Bf1 Bc5 26. Qc4 Qd7 27. Nb3
Bd6 28. Qd4 Bh2+ 29. Kh1 Qxh3 30. Qxd8+ Kg7 31. f3 Qh6 32. Qd7 Bg3+ 33. Qh3
Qxh3+ 34. gxh3 Bxf3+ 35. Kg1 Bxe1 36. Bxa6 Bd1 37. Bc4 f5 38. Kf1 Bh4 39. a5
Bxb3 40. Bxb3 bxa5 41. Ke2 h5 42. Bd5 Be7 43. Bf3 f6 44. c4 Kh6 45. Ke3 Bc5+
46. Kf4 Bd6+ 47. Ke3 Kg5 48. b3 Bc5+ 49. Ke2 Kh4 50. Bd5 Kxh3 51. Bf7 g5 52.
Bxh5 Kg3 53. Bg6 f4 54. Be4 g4 55. Bd5 f3+ 56. Kf1 Kf4 0-1

[Event "Israel ch 2008"]
[Site "Haifa ISR"]
[Date "2008.12.08"]
[Round "6.6"]
[White "Vydeslaver, Alik"]
[Black "Nabati, Tamir"]
[Result "1/2-1/2"]
[WhiteElo "2399"]
[BlackElo "2456"]
[PlyCount "43"]
[EventDate "2008.11.??"]
[EventType "team-tourn"]
[EventRounds "9"]
[EventCountry "ISR"]
[Source "lmi"]
[SourceDate "2008.11.30"]

1. e4 e5 2. Nf3 Nc6 3. Bb5 a6 4. Bxc6 dxc6 5. O-O Bg4 6. h3 h5 7. d3 Qf6 8. Be3
Bxf3 9. Qxf3 Qxf3 10. gxf3 Bd6 11. Nd2 Ne7 12. Nc4 f6 13. Rfd1 c5 14. c3 Nc6
15. Kf1 g5 16. Ke2 Be7 17. Bd2 Nd8 18. Ne3 Ne6 19. Nf5 h4 20. Be3 Kd7 21. Rd2
Rhd8 22. Rad1 1/2-1/2

[Event "Israel ch 2008"]
[Site "Haifa ISR"]
[Date "2008.12.08"]
[Round "6.7"]
[White "Gofshtein, Leonid D"]
[Black "Mikhalevski, Victor"]
[Result "0-1"]
[WhiteElo "2546"]
[BlackElo "2602"]
[PlyCount "46"]
[EventDate "2008.11.??"]
[EventType "team-tourn"]
[EventRounds "9"]
[EventCountry "ISR"]
[Source "lmi"]
[SourceDate "2008.11.30"]

1. e4 e5 2. Bc4 Nf6 3. d3 c6 4. Nf3 d5 5. Bb3 Bd6 6. Nc3 d4 7. Ne2 h6 8. Ng3 c5
9. O-O Nc6 10. c3 g6 11. Bd2 Kf8 12. h3 Kg7 13. a4 Bd7 14. a5 Rb8 15. Bc4 Qe7
16. Bd5 Nd8 17. Re1 Ne6 18. b4 dxc3 19. Bxc3 cxb4 20. Bb2 Ng5 21. Nd2 Bxh3 22.
gxh3 Nxh3+ 23. Kh2 Nf4 0-1

[Event "Israel ch 2008"]
[Site "Haifa ISR"]
[Date "2008.12.08"]
[Round "6.8"]
[White "Tseitlin, Mark D"]
[Black "Klenburg, Mikhail"]
[Result "0-1"]
[WhiteElo "2437"]
[BlackElo "2403"]
[PlyCount "86"]
[EventDate "2008.11.??"]
[EventType "team-tourn"]
[EventRounds "9"]
[EventCountry "ISR"]
[Source "lmi"]
[SourceDate "2008.11.30"]

1. e4 e5 2. Nf3 Nc6 3. Bb5 a6 4. Bxc6 dxc6 5. O-O f6 6. d4 exd4 7. Nxd4 c5 8.
Nb3 Qxd1 9. Rxd1 Bd6 10. Na5 b5 11. a4 Ne7 12. c4 bxa4 13. Nc3 Rb8 14. Nxa4 Bd7
15. Nc3 Be5 16. Ra3 Be6 17. Na4 Kf7 18. f4 Bd4+ 19. Be3 Bxb2 20. Nxb2 Rxb2 21.
f5 Bc8 22. Bxc5 Re8 23. Kf1 g6 24. Rh3 h5 25. g4 Ra2 26. Bb4 Ng8 27. gxh5 gxf5
28. h6 fxe4 29. Rh4 e3 30. h7 e2+ 31. Ke1 exd1=Q+ 32. Kxd1 Nh6 33. Rxh6 Kg7 34.
Rh4 Bf5 35. Nc6 Bxh7 36. Rd4 Bc2+ 37. Kc1 Bf5 38. Ne7 Be6 39. Re4 Kf7 40. Rh4
Rg2 41. Nc6 Rg4 42. Rxg4 Bxg4 43. Ba5 Re4 0-1

[Event "Israel ch 2008"]
[Site "Haifa ISR"]
[Date "2008.12.08"]
[Round "6.9"]
[White "Zilberman, Yaacov"]
[Black "Lerner, Konstantin Z"]
[Result "1/2-1/2"]
[WhiteElo "2447"]
[BlackElo "2542"]
[PlyCount "32"]
[EventDate "2008.11.??"]
[EventType "team-tourn"]
[EventRounds "9"]
[EventCountry "ISR"]
[Source "lmi"]
[SourceDate "2008.11.30"]

1. d4 Nf6 2. c4 e6 3. Nc3 Bb4 4. e3 O-O 5. Bd3 d5 6. Nf3 c5 7. O-O Nc6 8. a3
Bxc3 9. bxc3 Qc7 10. cxd5 exd5 11. Nh4 Re8 12. f3 Ne7 13. g3 Ng6 14. Nf5 Ne7
15. Nh4 Ng6 16. Nf5 Ne7 1/2-1/2

[Event "Israel ch 2008"]
[Site "Haifa ISR"]
[Date "2008.12.08"]
[Round "6.10"]
[White "Prozhanski, Genrik"]
[Black "Bykhovsky, Anatoly"]
[Result "1/2-1/2"]
[WhiteElo "2316"]
[BlackElo "2447"]
[PlyCount "24"]
[EventDate "2008.11.??"]
[EventType "team-tourn"]
[EventRounds "9"]
[EventCountry "ISR"]
[Source "lmi"]
[SourceDate "2008.11.30"]

1. d4 Nf6 2. c4 g6 3. Nc3 d5 4. Nf3 Bg7 5. Bf4 O-O 6. Rc1 c6 7. e3 Be6 8. Ng5
Bf5 9. Be2 h6 10. Nf3 Be6 11. b3 Nbd7 12. Ne5 Qa5 1/2-1/2

[Event "Israel ch 2008"]
[Site "Haifa ISR"]
[Date "2008.12.08"]
[Round "6.11"]
[White "Kataev, Simcho"]
[Black "Berkovich, Mark A"]
[Result "0-1"]
[WhiteElo "2315"]
[BlackElo "2409"]
[PlyCount "54"]
[EventDate "2008.11.??"]
[EventType "team-tourn"]
[EventRounds "9"]
[EventCountry "ISR"]
[Source "lmi"]
[SourceDate "2008.11.30"]

1. b3 e5 2. Bb2 Nc6 3. c4 Nf6 4. a3 Be7 5. d3 O-O 6. e4 a5 7. g3 Bc5 8. Bg2 d6
9. Nf3 Ng4 10. O-O f5 11. exf5 Bxf5 12. Nc3 Nd4 13. h3 Nxf2 14. Rxf2 Nxf3+ 15.
Bxf3 Bxf2+ 16. Kxf2 Bxh3 17. Kg1 Qg5 18. Kh2 Bg4 19. Bd5+ Kh8 20. Qe1 Qh5+ 21.
Kg1 Bf3 22. Bxf3 Qxf3 23. Rd1 Rf5 24. Rd2 Raf8 25. Re2 Rh5 26. Rg2 Qxd3 27. g4
Rh1+ 0-1

[Event "Israel ch 2008"]
[Site "Haifa ISR"]
[Date "2008.12.08"]
[Round "6.12"]
[White "Caspi, Israel"]
[Black "Baron, Tal"]
[Result "0-1"]
[WhiteElo "2408"]
[BlackElo "2299"]
[PlyCount "94"]
[EventDate "2008.11.??"]
[EventType "team-tourn"]
[EventRounds "9"]
[EventCountry "ISR"]
[Source "lmi"]
[SourceDate "2008.11.30"]

1. e4 c5 2. Nc3 Nc6 3. Bb5 g6 4. Bxc6 dxc6 5. d3 Nh6 6. Be3 e5 7. h3 f6 8. f4
exf4 9. Bxf4 Bg7 10. Nf3 Qe7 11. Qd2 Nf7 12. O-O-O Be6 13. g4 O-O-O 14. Kb1 g5
15. Be3 h5 16. gxh5 Rxh5 17. Qf2 b6 18. d4 Rxh3 19. dxc5 Rxd1+ 20. Rxd1 Bg4 21.
cxb6 Rxf3 22. bxa7 Kb7 23. Qe2 Rxe3 24. Qa6+ Ka8 25. Na4 Qxa7 26. Qxc6+ Qb7 27.
Qe8+ Ka7 28. Nc5 Rxe4 29. Nxe4 Bxd1 30. Nc5 Qd5 31. Qe7+ Kb6 32. Nd7+ Ka6 33.
Nb8+ Kb5 34. a4+ Kc4 35. Qe3 Bxc2+ 36. Kxc2 Qf5+ 37. Kd2 Qf4 38. b3+ Kd5 39.
Qxf4 gxf4 40. a5 Nd6 41. Ke2 f5 42. Kf3 Be5 43. Nd7 Nb5 44. a6 Bc7 45. Nf6+ Kc6
46. a7 Nd4+ 47. Kf2 Kb7 0-1

[Event "Israel ch 2008"]
[Site "Haifa ISR"]
[Date "2008.12.08"]
[Round "6.13"]
[White "Kaplivatski, Alexander"]
[Black "Popilsky, Gil"]
[Result "0-1"]
[WhiteElo "2286"]
[BlackElo "2394"]
[PlyCount "48"]
[EventDate "2008.11.??"]
[EventType "team-tourn"]
[EventRounds "9"]
[EventCountry "ISR"]
[Source "lmi"]
[SourceDate "2008.11.30"]

1. e4 c5 2. Nf3 e6 3. d4 cxd4 4. Nxd4 Nc6 5. Nc3 Qc7 6. Be2 a6 7. O-O Nf6 8.
Be3 d6 9. f4 Be7 10. Qe1 O-O 11. Qg3 Nxd4 12. Bxd4 b5 13. Bd3 Bb7 14. Rae1 Rad8
15. Kh1 b4 16. Nd1 g6 17. Nf2 Nh5 18. Qe3 Qc6 19. b3 Ng7 20. Qh3 Rde8 21. Re3
Bd8 22. Qh6 Nf5 23. Ng4 f6 24. Qh3 Nxd4 0-1

[Event "Israel ch 2008"]
[Site "Haifa ISR"]
[Date "2008.12.08"]
[Round "6.14"]
[White "Chernomordik, Pavel"]
[Black "Gukhvat, Peter"]
[Result "0-1"]
[WhiteElo "2302"]
[BlackElo "2196"]
[PlyCount "96"]
[EventDate "2008.11.??"]
[EventType "team-tourn"]
[EventRounds "9"]
[EventCountry "ISR"]
[Source "lmi"]
[SourceDate "2008.11.30"]

1. e4 g6 2. d4 Bg7 3. Nc3 c6 4. Bc4 b5 5. Bb3 b4 6. Nce2 d5 7. exd5 cxd5 8. Nf4
Nf6 9. a3 bxa3 10. Rxa3 O-O 11. Nf3 Nc6 12. c3 Na5 13. Bc2 Nc4 14. Ra2 Bg4 15.
h3 Bxf3 16. Qxf3 e6 17. O-O a5 18. Ne2 Ne8 19. Qg3 f5 20. Nf4 Nc7 21. Nd3 Nb5
22. Re1 Qc8 23. Ba4 Nbd6 24. f3 Nf7 25. Bf4 Ra7 26. Qf2 Re7 27. Bc2 g5 28. Bc1
f4 29. Bd2 e5 30. Nxe5 Nfxe5 31. dxe5 Rxe5 32. Rxe5 Bxe5 33. b3 Nxd2 34. Qxd2
Qc5+ 35. Kh2 Bxc3 36. Qd3 Rf7 37. Bb1 Be1 38. Rc2 Bg3+ 39. Kh1 Re7 40. Qd1 Qb5
41. Rc8+ Kf7 42. Be4 dxe4 43. fxe4 g4 44. Rc4 f3 45. hxg4 f2 46. Qf3+ Kg7 47.
Rc1 Qg5 48. Qc3+ Be5 0-1

[Event "Israel ch 2008"]
[Site "Haifa ISR"]
[Date "2008.12.08"]
[Round "6.15"]
[White "Zak, Uri"]
[Black "Tarnopolsky, Anatoly"]
[Result "1/2-1/2"]
[WhiteElo "2205"]
[BlackElo "2301"]
[PlyCount "48"]
[EventDate "2008.11.??"]
[EventType "team-tourn"]
[EventRounds "9"]
[EventCountry "ISR"]
[Source "lmi"]
[SourceDate "2008.11.30"]

1. e4 e6 2. d4 d5 3. Nc3 Nf6 4. e5 Nfd7 5. Nce2 c5 6. c3 cxd4 7. cxd4 f6 8.
exf6 Nxf6 9. Nf3 Nc6 10. Ng3 Bd6 11. Bd3 O-O 12. O-O e5 13. dxe5 Nxe5 14. Nd4
Nfg4 15. h3 Nxf2 16. Rxf2 Rxf2 17. Kxf2 Qh4 18. Ndf5 Bc5+ 19. Kf1 Bxf5 20. Bxf5
Qc4+ 21. Qe2 Qd4 22. Be3 Qxe3 23. Qxe3 Bxe3 24. Be6+ Kh8 1/2-1/2

[Event "Israel ch 2008"]
[Site "Haifa ISR"]
[Date "2008.12.08"]
[Round "6.16"]
[White "Porat, Maya"]
[Black "Raznikov, Danny"]
[Result "0-1"]
[WhiteElo "2167"]
[BlackElo "2251"]
[PlyCount "74"]
[EventDate "2008.11.??"]
[EventType "team-tourn"]
[EventRounds "9"]
[EventCountry "ISR"]
[Source "lmi"]
[SourceDate "2008.11.30"]

1. d4 Nf6 2. c4 c6 3. Nf3 d5 4. Nc3 a6 5. c5 Nbd7 6. Bf4 g6 7. h3 Bg7 8. e3 O-O
9. Be2 Ne8 10. Bh2 Nc7 11. O-O Re8 12. b4 e5 13. Nxe5 Nxe5 14. Bxe5 Bxe5 15.
dxe5 Rxe5 16. Qd4 Qe7 17. a4 f6 18. a5 Bf5 19. Bd1 Re8 20. Bb3 Kg7 21. Qd2 Bxh3
22. gxh3 Qd7 23. Kg2 Rg5+ 24. Kf3 Qxh3+ 25. Ke2 Qg4+ 26. f3 Qxb4 27. Bc2 Nb5
28. Nb1 Qxc5 29. Ra4 Rxe3+ 30. Qxe3 Qxc2+ 31. Nd2 Re5 32. Re4 Nc3+ 33. Kf2 dxe4
34. Rh1 Nd1+ 35. Rxd1 Qxd1 36. Nxe4 Qd7 37. f4 Qf5 0-1

[Event "Israel ch 2008"]
[Site "Haifa ISR"]
[Date "2008.12.08"]
[Round "6.17"]
[White "Vasiliev, Olga"]
[Black "Vovinkina, Natalia"]
[Result "1-0"]
[WhiteElo "2235"]
[BlackElo "2147"]
[PlyCount "93"]
[EventDate "2008.11.??"]
[EventType "team-tourn"]
[EventRounds "9"]
[EventCountry "ISR"]
[Source "lmi"]
[SourceDate "2008.11.30"]

1. e4 e5 2. Nf3 Nc6 3. Bb5 Qe7 4. O-O Nd8 5. c3 c6 6. Ba4 d6 7. d4 Nf6 8. Nbd2
g5 9. dxe5 dxe5 10. Nxg5 Rg8 11. Ngf3 Bh3 12. Ne1 Bg4 13. f3 Bd7 14. Bb3 Ne6
15. Bxe6 Bxe6 16. Nb3 Nd7 17. Be3 a5 18. Rf2 f6 19. Nd3 b6 20. Qc2 Qf7 21. Nd2
Bd6 22. Rd1 h5 23. b3 Qh7 24. Nb2 Bc7 25. Ndc4 Ke7 26. Rfd2 h4 27. Nd6 Qh5 28.
Nf5+ Ke8 29. Kh1 Qh7 30. Nc4 Rb8 31. Ncd6+ Kd8 32. b4 Ra8 33. bxa5 bxa5 34. Qa4
Ra6 35. Qa3 Rh8 36. Qb2 Bb6 37. Nf7+ Kc7 38. Rxd7+ Bxd7 39. Bxb6+ Rxb6 40.
Rxd7+ Kxd7 41. Qxb6 Rc8 42. N7d6 Rc7 43. Qb8 Qg6 44. c4 a4 45. c5 h3 46. g4 a3
47. Qf8 1-0

[Event "Israel ch 2008"]
[Site "Haifa ISR"]
[Date "2008.12.08"]
[Round "6.18"]
[White "Porat, Ido"]
[Black "Igla, Bella"]
[Result "1-0"]
[WhiteElo "2363"]
[BlackElo "2254"]
[PlyCount "137"]
[EventDate "2008.11.??"]
[EventType "team-tourn"]
[EventRounds "9"]
[EventCountry "ISR"]
[Source "lmi"]
[SourceDate "2008.11.30"]

1. d4 Nf6 2. c4 g6 3. Nc3 Bg7 4. e4 O-O 5. Nf3 d6 6. Be2 e5 7. O-O Nc6 8. d5
Ne7 9. b4 Nh5 10. Re1 f5 11. Ng5 Nf6 12. Bf3 c6 13. Be3 Kh8 14. b5 h6 15. Ne6
Bxe6 16. dxe6 fxe4 17. Nxe4 Nxe4 18. Bxe4 d5 19. cxd5 cxd5 20. Bc2 Qc8 21. Bb3
Qxe6 22. Qd2 Kh7 23. Rad1 Rfd8 24. Bc5 Rd7 25. Qb4 Nf5 26. f4 Re8 27. Qd2 b6
28. Bf2 Qd6 29. Qxd5 Qxd5 30. Rxd5 Rxd5 31. Bxd5 Rd8 32. Be4 exf4 33. Bxf5 gxf5
34. Kf1 Rd7 35. Ke2 Kg6 36. Rd1 Rxd1 37. Kxd1 Be5 38. Ke2 Kf6 39. Kf3 Ke6 40.
Be1 Kd5 41. Bd2 Ke6 42. Bc1 Bd6 43. Bd2 Be5 44. Bxf4 Bxf4 45. Kxf4 Kf6 46. h3
Kg6 47. a3 Kf6 48. a4 Kg6 49. g4 fxg4 50. Kxg4 Kf6 51. Kf4 Kg6 52. Ke5 Kg5 53.
Kd6 Kh4 54. Kc7 Kxh3 55. Kb7 h5 56. Kxa7 h4 57. a5 bxa5 58. b6 Kg2 59. b7 h3
60. b8=Q h2 61. Qb2+ Kg1 62. Qc1+ Kg2 63. Qd2+ Kg1 64. Qd1+ Kg2 65. Qg4+ Kf2
66. Qh3 Kg1 67. Qg3+ Kh1 68. Qf2 a4 69. Qf1# 1-0

[Event "Israel ch 2008"]
[Site "Haifa ISR"]
[Date "2008.12.08"]
[Round "6.19"]
[White "Aharon, Ofir"]
[Black "Miller, Evgeny"]
[Result "1/2-1/2"]
[WhiteElo "2118"]
[BlackElo "2291"]
[PlyCount "71"]
[EventDate "2008.11.??"]
[EventType "team-tourn"]
[EventRounds "9"]
[EventCountry "ISR"]
[Source "lmi"]
[SourceDate "2008.11.30"]

1. e4 c6 2. d4 d5 3. f3 e6 4. Nc3 Nf6 5. Be3 Bb4 6. e5 Nfd7 7. a3 Be7 8. f4 c5
9. Nf3 Nc6 10. Bd3 O-O 11. Qd2 f6 12. exf6 Bxf6 13. Bb5 cxd4 14. Nxd4 Nxd4 15.
Bxd4 e5 16. fxe5 Nxe5 17. O-O Nc4 18. Bxf6 Nxd2 19. Bxd8 Nxf1 20. Be7 Rf7 21.
Bc5 Nd2 22. Rd1 b6 23. Bf2 Nc4 24. Rxd5 Nxb2 25. Rd8+ Rf8 26. Rxf8+ Kxf8 27.
Bc6 Rb8 28. Bg3 Rb7 29. Bxb7 Bxb7 30. Nb5 a6 31. Nd6 Bd5 32. Bf2 b5 33. Bc5 Kg8
34. Nf5 Be4 35. Ne3 Kf7 36. Bd4 1/2-1/2